000 00951cam a2200301 a 4500
001 3999503
003 OSt
005 20140310182721.0
008 961018s1997 njua b 001 0 eng
010 _a 96037160
020 _a9814009563
040 _aDLC
_cDLC
_dDLC
050 _aT 57.6
_b.T13 1999
100 1 _aTaha, Hamdy A.
245 1 0 _aOperations research :
_ban introduction /
_cHamdy A. Taha.
250 _a6th ed.
260 _aUpper Saddle River, N.J. :
_bPrentice Hall,
_cc1997.
300 _a916 p. :
_bill. ;
_c25 cm.
504 _aIncludes bibliographical references and index.
521 _aIT
650 0 _aOperations research.
650 0 _aProgramming (Mathematics)
906 _a7
_bcbc
_corignew
_d1
_eocip
_f19
_gy-gencatlg
942 _2ddc
_cBK
_kFOR
999 _c15336
_d15336